Kis- és középvállalkozások finanszírozásának vizsgálata
Elmentve itt :
| Szerző: | |
|---|---|
| További közreműködők: | |
| Dokumentumtípus: | Szakdolgozat |
| Megjelent: |
2001-12-12
|
| Tárgyszavak: | |
| Online Access: | http://diploma.bibl.u-szeged.hu/37261 |
| LEADER | 00570nta a2200157 i 4500 | ||
|---|---|---|---|
| 001 | dipl37261 | ||
| 005 | 20130314100712.0 | ||
| 008 | 120326s2001 hu om 0|| zxx d | ||
| 040 | |a SZTE Diploma Repozitórium |b hun | ||
| 041 | |a zxx | ||
| 100 | 1 | |a Kovács Zoltán | |
| 245 | 1 | 0 | |a Kis- és középvállalkozások finanszírozásának vizsgálata |h [elektronikus dokumentum] / |c Zoltán Kovács |
| 260 | |c 2001-12-12 | ||
| 650 | 4 | |a Gazdaságtudományok | |
| 700 | 1 | |a Kovács György |e ths | |
| 856 | 4 | 0 | |u http://diploma.bibl.u-szeged.hu/id/eprint/37261/1/2001_kovacs_zoltan.pdf |z Dokumentum-elérés |